Principles of biochemistry / (Record no. 702)

MARC details
000 -LEADER
fixed length control field 01268nam a2200373 4500
001 - CONTROL NUMBER
control field 13907299
005 - DATE AND TIME OF LATEST TRANSACTION
control field 20141008122904.0
006 - FIXED-LENGTH DATA ELEMENTS--ADDITIONAL MATERIAL CHARACTERISTICS--GENERAL INFORMATION
fixed length control field 000
007 - PHYSICAL DESCRIPTION FIXED FIELD--GENERAL INFORMATION
fixed length control field 000
008 - FIXED-LENGTH DATA ELEMENTS--GENERAL INFORMATION
fixed length control field 000
010 ## - LIBRARY OF CONGRESS CONTROL NUMBER
LC control number 2005007745
015 ## - NATIONAL BIBLIOGRAPHY NUMBER
National bibliography number GBA554126
Source bnb
016 7# - NATIONAL BIBLIOGRAPHIC AGENCY CONTROL NUMBER
Record control number 013239697
Source Uk
020 ## - INTERNATIONAL STANDARD BOOK NUMBER
International Standard Book Number 0131977369 (pbk.)
035 ## - SYSTEM CONTROL NUMBER
System control number (OCoLC)ocm58594968
System control number (OCoLC)58594968
Canceled/invalid control number (OCoLC)79460029
040 ## - CATALOGING SOURCE
Original cataloging agency UOEL
Transcribing agency DLC
Modifying agency DLC
042 ## - AUTHENTICATION CODE
Authentication code pcc
050 00 - LIBRARY OF CONGRESS CALL NUMBER
Classification number QP514.2
Item number .P74 2006
082 00 - DEWEY DECIMAL CLASSIFICATION NUMBER
Classification number 612/.015
Edition number 22
245 00 - TITLE STATEMENT
Title Principles of biochemistry /
Statement of responsibility, etc H. Robert Horton ... [et al.].
250 ## - EDITION STATEMENT
Edition statement 4th ed. ;
Remainder of edition statement Pearson International edition
260 ## - PUBLICATION, DISTRIBUTION, ETC. (IMPRINT)
Place of publication, distribution, etc Upper Saddle River, NJ :
Name of publisher, distributor, etc Pearson Prentice Hall,
Date of publication, distribution, etc c2006.
300 ## - PHYSICAL DESCRIPTION
Extent xxxv, 852 p. :
Other physical details ill. (some col.) ;
Dimensions 29 cm.
504 ## - BIBLIOGRAPHY, ETC. NOTE
Bibliography, etc Includes bibliographical references and index.
650 #0 - SUBJECT ADDED ENTRY--TOPICAL TERM
Topical term or geographic name as entry element Biochemistry.
General subdivision Physiology
700 1# - ADDED ENTRY--PERSONAL NAME
Personal name Horton, H. Robert,
Dates associated with a name 1935-
Personal name Moran, Laurence A.
Personal name Scrimgeour, K. Gray
856 41 - ELECTRONIC LOCATION AND ACCESS
Materials specified Table of contents
Uniform Resource Identifier <a href="http://www.loc.gov/catdir/toc/ecip059/2005007745.html">http://www.loc.gov/catdir/toc/ecip059/2005007745.html</a>
906 ## - LOCAL DATA ELEMENT F, LDF (RLIN)
a 7
b cbc
c orignew
d 1
e ecip
f 20
g y-gencatlg
942 ## - ADDED ENTRY ELEMENTS (KOHA)
Source of classification or shelving scheme Library of Congress Classification
Item type Short Loan for 1 day
Holdings
Withdrawn status Lost status Source of classification or shelving scheme Damaged status Not for loan Home library Current library Shelving location Date acquired Total Checkouts Full call number Barcode Date last seen Date last borrowed Copy number Price effective from Koha item type Total Renewals
    Library of Congress Classification     UOE Main Library UOE Main Library Short Loan Area 08/10/2014 32 QP514.2 .P74 2006 20135407 27/04/2026 20/09/2017 20135407 08/10/2014 Short Loan for 1 day  
    Library of Congress Classification     UOE Main Library UOE Main Library Short Loan Area 08/10/2014 45 QP514.2 .P74 2006 20135405 27/04/2026 06/11/2018 20135405 08/10/2014 Short Loan for 1 day  
    Library of Congress Classification     UOE Main Library UOE Main Library Short Loan Area 08/10/2014 15 QP514.2 .P74 2006 20135408 27/04/2026 20/02/2020 20135408 08/10/2014 Short Loan for 1 day  
    Library of Congress Classification     UOE Main Library UOE Main Library Short Loan Area 08/10/2014 38 QP514.2 .P74 2006 20135406 27/04/2026 19/02/2020 20135406 08/10/2014 Short Loan for 1 day 1